Distribuované spracovanie údajov ; Jana Melicherčíková

Bibliographic Details
Format: Book
Language:Slovak
PhysicalDescription:49 s., 5,408 AH 29 cm
Published: Bratislava Dom techniky ČSVTS 1989
Edition:1. vyd.

MARC

LEADER 00000nam a2200000 a 4500
001 vtls001082826
003 SK-MaSNL
005 20260301105324.0
008 250414s1989 xo 0 slo
015 |a SNBA1989/12 
035 |a SNK000025664 
040 |a SNK  |b slo  |c SNK  |e AACR2 
041 0 |a slo 
044 |a xo  |c SK 
080 |a 681.3(082)  |2 1981 
245 0 0 |a Distribuované spracovanie údajov ; Jana Melicherčíková 
250 |a 1. vyd. 
260 |a Bratislava  |b Dom techniky ČSVTS  |c 1989  |e Bratislava  |f Dom techniky ČSVTS 
300 |a 49 s., 5,408 AH  |c 29 cm 
366 |e 210 výtl. 
500 |a Lit. 18. Čl. aj čes. Pre účast. podujatia a pre služobnú potrebu podnikov. Publ. je predajná iba soc. organ. Rozmn. 18 zázn. v slov., češ., ruš., angl. a nem. 
700 1 |a Melicherčíková, Jana  |4 oth  |9 276647 
852 |a Slovenská národná knižnica 
954 |a počítače  |a spracovanie dát 
958 |a OND 
958 |a NB 
958 |a CZ 
958 |a RM 
999 |c 700577  |d 702507 
952 |t P60, <04>, [BOOK], {604}  |a SNK  |b SNK  |y VYP  |7 0  |p 17A0150064  |o snkSB 45714 D1  |0 0  |1 0  |4 0  |d 1998-08-04  |l 0  |r 2004-12-31 00:00:00  |w 2026-02-23 
952 |a SNK  |b SNK  |y PREZ  |7 0  |p 17A0860400  |o snkSB 45714  |0 0  |1 0  |4 0  |d 2012-07-16  |f 1  |l 0  |r 2025-01-30 00:00:00  |w 2026-02-23